000 00501nam a2200169 i 4500
001 92504
003 ES-MaACL
005 20230906181003.0
007 t|
008 050310s2002 sp ||||1| cat d
100 1 _aLinhartova, Vera.
_972442
245 1 0 _aTápies /
_cper Vera Linhartova; [traducció d` Octavi Teixidor.
260 _aBarcelona :
_bGustavo Gili,
_c[1972]
300 _b26 lám. neg. y col. ;
_c21 cm.
700 0 _aTeixidor, Octavio.
_9109544
852 _aES-MaACL
_jC-52504
_bR.85633
999 _c92504
_d92504